| 000 | 00343nam a2200133Ia 4500 | ||
|---|---|---|---|
| 005 | 20260328104326.0 | ||
| 008 | 260328s9999||||xx |||||||||||||| ||und|| | ||
| 100 | _aArauz, Reina de | ||
| 245 | 0 |
_aCiudad de Panamá : _b Tomo II / _cReina de Arauz |
|
| 260 | _bPatrimonio Historico | ||
| 300 | _a309 p. | ||
| 650 | _aARQUITECTURA | ||
| 942 | _cBK | ||
| 999 |
_c11539 _d11539 |
||